International Project Management Association (Record no. 119619)

MARC details
000 -LEADER
fixed length control field 00742cam a2200157 4500
001 - CONTROL NUMBER
control field WS108085
008 - FIXED-LENGTH DATA ELEMENTS--GENERAL INFORMATION
fixed length control field 000000n 000 0 eng u
035 ## - SYSTEM CONTROL NUMBER
System control number (Sirsi) u108085
041 ## - LANGUAGE CODE
Language code of text/sound track or separate title eng
110 ## - MAIN ENTRY--CORPORATE NAME
Corporate name or jurisdiction name as entry element International Project Management Association
9 (RLIN) 3931
245 ## - TITLE STATEMENT
Title International Project Management Association
520 ## - SUMMARY, ETC.
Summary, etc. This organisation describes its function as being the 'prime promoter of project management internationally'. It includes details of its publications and of affiliated organisations around the world. Also links to its journal 'International Journal of Project management'.
690 ## - LOCAL SUBJECT ADDED ENTRY--TOPICAL TERM (OCLC, RLIN)
Topical term or geographic name as entry element Project management
9 (RLIN) 6261
856 40 - ELECTRONIC LOCATION AND ACCESS
Uniform Resource Identifier <a href="https://www.ipma.ch">https://www.ipma.ch</a>
Public note View the website free of charge at www.ipma.ch...
942 ## - ADDED ENTRY ELEMENTS (KOHA)
Suppress in OPAC 0
Holdings
Withdrawn status Lost status Source of classification or shelving scheme Damaged status Not for loan Home library Current library Shelving location Date acquired Total Checkouts Full call number Barcode Date last seen Copy number Price effective from Koha item type
    Dewey Decimal Classification     Virtual Virtual Online 30/08/2000   WEB SITE 108085-2001 06/08/2019 1 06/08/2019 Online material